Wajah seorang wanita
| Main Author: | |
|---|---|
| Format: | Book |
| Published: |
Kuala Lumpur :
Dewan Bahasa dan Pustaka ,
2005
|
| Subjects: |
MARC
| LEADER | 00000cam a2200000 7i4500 | ||
|---|---|---|---|
| 001 | 0000011805 | ||
| 005 | 20080131.0 | ||
| 008 | 071119 | ||
| 020 | |a 9836284893 | ||
| 090 | 0 | 0 | |a SOT |b MAL |
| 100 | 0 | |a S. Othman Kelantan | |
| 245 | 1 | 0 | |a Wajah seorang wanita |c S. Othman Kelantan |
| 260 | |a Kuala Lumpur : |b Dewan Bahasa dan Pustaka , |c 2005 | ||
| 650 | 0 | |a Malay fiction | |
| 650 | 0 | |a Malay literature | |
| 650 | 0 | |a Novel | |
| 999 | |a 0001002220 |b Book |c Adult Collection |e Perbadanan Perpustakaan Awam Johor | ||
| 999 | |a 0001024333 |b Book |c Adult Collection |e Perbadanan Perpustakaan Awam Johor | ||